000 00647nam a2200229 i 4500
001 bg
100 1 _aStankiewicz, Wacław
_d(1925- ).
245 1 0 _aHistoria myśli ekonomicznej /
_cWacław Stankiewicz.
260 _aWarszawa :
_bPańst. Wydaw. Ekonomiczne,
_c1983.
300 _a685, [2] s. :
_bwykr. ;
_c21 cm.
504 _aBibliogr. przy rozdz. Indeks.
650 9 _aEkonomia polityczna
_xhistoria
655 _aPodręczniki akademickie
020 _a832080308X
040 _cBPK
041 0 _apl
080 _a330(091)
080 _a(075.8)
920 _a83-208-0308-X
942 _cKS
008 s pl f |000 0 pol
999 _c30938
_d30938
856 _uhttp://koha.tu.koszalin.pl/cgi-bin/koha/opac-detail.pl?biblionumber=30938
_yKatalog online BPK